000 00342nam a2200133Ia 4500
005 20260328104251.0
008 260328s9999||||xx |||||||||||||| ||und||
100 _aBoylston, Scott
245 0 _aDesigning Sustainable Packaging /
_cScott Boylston
260 _bLaurence King
300 _a192 p.
650 _aDISEÑO INDUSTRIAL
942 _cBK
999 _c10256
_d10256